书目信息 |
| 题名: |
基于模块化理论的微型居住空间功能模块优化设计策略
|
|
| 作者: | 舒平 , 任登军 , 李德新 , 舒瑞桓 著 | |
| 分册: | ||
| 出版信息: | 天津 天津大学出版社 2024.06 |
|
| 页数: | 142页 | |
| 开本: | 26cm | |
| 丛书名: | ||
| 单 册: | ||
| 中图分类: | TU241 | |
| 科图分类: | ||
| 主题词: | 居住空间--ju zhu kong jian--建筑设计--研究 | |
| 电子资源: | ||
| ISBN: | 978-7-5618-7746-3 | |
| 000 | 01733nam0 2200301 450 | |
| 001 | 90100 | |
| 005 | 20250815110337.49 | |
| 010 | @a978-7-5618-7746-3@dCNY88.00 | |
| 100 | @a20250314d2024 em y0chiy50 ea | |
| 101 | 0 | @achi |
| 102 | @aCN@b120000 | |
| 105 | @aab a 000yy | |
| 106 | @ar | |
| 200 | 1 | @a基于模块化理论的微型居住空间功能模块优化设计策略@Aji yu mo kuai hua li lun de wei xing ju zhu kong jian gong neng mo kuai you hua she ji ce lve@f舒平 ... [等] 著 |
| 210 | @a天津@c天津大学出版社@d2024.06 | |
| 215 | @a142页@c图 (部分彩图), 地图@d26cm | |
| 300 | @a河北省社会科学基金项目: 健康视角下的极小居住模式研究 | |
| 304 | @a题名页题其余责任者: 任登军, 李德新, 舒瑞桓 | |
| 320 | @a有书目 (第139-142页) | |
| 330 | @a本书基于模块化理论和开放建筑理论, 针对微型居住空间单元和模块分类、组合方法和设计实践进行探索。首先通过文献研究总结相关概念、理论及国内外工业化住宅发展历程, 分析微型居住空间模块化设计与装配式住宅结合的可行性 ; 通过实地走访和问卷调研, 归纳当前装配式微型居住空间品质现状和设计问题, 为功能模块优化设计提供科学合理的判断依据。其次根据调研问题, 整合现有模块分类、组合设计方法, 结合住居学理论, 对微型居住空间功能模块进行优化设计, 提出弹性模块化设计思路和功能模块分类方法, 采用参数化设计方法对基本模块、扩展模块及内部单元进行优化组合。最后提出微型居住空间模块化设计策略, 并选择天津市既有住区进行实践探索, 通过对居住和公共空间的合理组织, 在面积有限的前提下, 打造多样需求的居住空间, 更精准地服务居住者。 | |
| 606 | 0 | @a居住空间@Aju zhu kong jian@x建筑设计@x研究 |
| 690 | @aTU241@v5 | |
| 701 | 0 | @a舒平@Ashu ping@4著 |
| 701 | 0 | @a任登军@Aren deng jun@4著 |
| 701 | 0 | @a李德新@Ali de xin@4著 |
| 701 | 0 | @a舒瑞桓@Ashu rui huan@4著 |
| 801 | 0 | @aCN@c20250909 |
| 905 | @a河南城建学院图书馆@dTU241@eS640@f1 | |
| 基于模块化理论的微型居住空间功能模块优化设计策略/舒平 ... [等] 著.-天津:天津大学出版社,2024.06 |
| 142页:图 (部分彩图), 地图;26cm |
| 河北省社会科学基金项目: 健康视角下的极小居住模式研究 |
| ISBN 978-7-5618-7746-3:CNY88.00 |
| 本书基于模块化理论和开放建筑理论, 针对微型居住空间单元和模块分类、组合方法和设计实践进行探索。首先通过文献研究总结相关概念、理论及国内外工业化住宅发展历程, 分析微型居住空间模块化设计与装配式住宅结合的可行性 ; 通过实地走访和问卷调研, 归纳当前装配式微型居住空间品质现状和设计问题, 为功能模块优化设计提供科学合理的判断依据。其次根据调研问题, 整合现有模块分类、组合设计方法, 结合住居学理论, 对微型居住空间功能模块进行优化设计, 提出弹性模块化设计思路和功能模块分类方法, 采用参数化设计方法对基本模块、扩展模块及内部单元进行优化组合。最后提出微型居住空间模块化设计策略, 并选择天津市既有住区进行实践探索, 通过对居住和公共空间的合理组织, 在面积有限的前提下, 打造多样需求的居住空间, 更精准地服务居住者。 |
| ● |
| 相关链接 |
|
|
|
正题名:基于模块化理论的微型居住空间功能模块优化
索取号:TU241/S640
 
预约/预借
| 序号 | 登录号 | 条形码 | 馆藏地/架位号 | 状态 | 备注 |
| 1 | 1624062 | 216240627 | 建筑库101/101建筑库 59排1列2层/ [索取号:TU241/S640] | 在馆 |